000
00272nam a2200109Ia 4500
008
220120s9999||||xx |||||||||||||| ||und||
082
_a
621.3822 RAM
100
_a
Ramesh, Hegde, M
_9
11396
245
0
_a
Digital signal processing
260
_b
New Delhi
300
_a
542p.
_b
0
999
_c
136312
_d
136312